000 00223nam a22000857a 4500
008 170123b xxu||||| |||| 00| 0 eng d
100 _92530
_aSrivastava.M.etal.
245 _aTatoo and the Firewoks
260 _aNew Delhi
_bCBT
_c2011
999 _c5619
_d5619